LEADER 01570nam a2200289 4500 001 000000341126 003 CaOOAMICUS 005 20200716090736.0 008 200716s1647 it 000 u ita r 026 $ao-i- t-o. m.c. sine (3) 1647 (R) 040 $aSeMil$bita 110 21$aCongregazione della SS. Vergine dei Sette Dolori in S. Maria Beltrade .$0(OLS)http://semarc/name/111758 245 00$aRegola della Scola della gloriosissima Vergine Maria de Sette Dolori, in S. Maria Beltrà di Milano. Erretta dall'illustrissimo ... S. Gaspar Visconte arcivescovo di Milano, adì 21 novembre 1587 ... 264 1$aIn Milano :$bPer, Carlo Camagno vicino la Rosa,$c1647. 300 $a39, [1] p. ;$c4° 500 $aSegn.: A-B? C? 500 $aImmagine xilogr. della Vergine sul front. 500 $aFront. e testo in cornice xilogr. 650 4$aCongregazioni e confraternite religiose - Milano - Sec. 16.-18.$0(OLS)http://semarc/subject/49109 700 1 $aCamagno, Carlo,$c.$0(OLS)http://semarc/name/111626 752 $aIT$dMilano 850 $aSeMil 852 $aSeMil$W1$xVenegono$y1$m3Z V 17/8 FA$j219887$B232121$CSeMilBibl$Z2$F232121 $8I 941 1 $a10 996 $6245$aRegola della Scola della gloriosissima Vergine Maria de Sette Dolori, in S. Maria Beltrà di Milano. Erretta dall'illustrissimo ... S. Gaspar Visconte arcivescovo di Milano, adì 21 novembre 1587 ...$9(OLS)http://semarc/title/430185 996 $6264$aIn Milano :$bPer, Carlo Camagno vicino la Rosa$9(OLS)http://semarc/publisher/59132 LEADER 00399nab a2200145 i 4500 001 000000282973 003 CaOOAMICUS 005 20180831165229.0 008 180831n xx uu u0 0und r 013 $a35940 040 $aSeMil$bita 245 10$a[SENZA TITOLO]. 500 $aFebbraio 2002. 773 0 $tVolume 142.$dMilano : [s.n.], 2002.$w()236328 996 $6245$a[SENZA TITOLO]$9(OLS)http://semarc/title/354609